| 000 | 00698nam a2200217 a 4500 | ||
|---|---|---|---|
| 005 | 20240925065326.0 | ||
| 008 | 080205s19992004mx r 000 0 spa d | ||
| 020 | _a9688521264 | ||
| 035 | _aUPN01000154035 | ||
| 049 | _aCG | ||
| 050 | 4 |
_aP302 _bR4.4 |
|
| 100 | 1 | _aRenkema, Jan | |
| 245 | 1 | 0 |
_aIntroducción a los estudios sobre el discurso / _cJan Renkema ; tr. María Luz Melón. |
| 260 |
_aMéxico : _bGedisa, _c1999 (2004 impr.). |
||
| 300 | _a285 p. | ||
| 440 | 0 |
_aCla.De.Ma. _pLingüística/Análisis del discurso |
|
| 534 |
_pTítulo original: _tDiscourse studies. An introductory textbook |
||
| 650 | 2 |
_aAnálisis del discurso _9232 |
|
| 650 | 7 |
_aSemiótica _2 _96046 |
|
| 905 | _aLibro | ||
| 999 |
_c126152 _d126152 |
||